00303nam a2200121Ia 4500008004100000020001500041082001800056100002400074245003700098260002200135546000900157650001500166230312s9999||||xx |||||||||||||| ||und|| a8129702754 a658.15bGIT-P aGitman, Lawrence J. 0aPrinciples of Managerial Finance bPearson Education aEng. aManagement